Loading...
Role of government in industrial development
| Main Author: | |
|---|---|
| Format: | Printed Book |
| Published: |
Pointer Publishers: Jaipur
1989
|
| Subjects: |
| LEADER | 00542nam a2200193 4500 | ||
|---|---|---|---|
| 020 | |a 8171320171 |c 220 | ||
| 082 | |a 338.6M SHA | ||
| 100 | |a Sharma, R L | ||
| 245 | |a Role of government in industrial development |c Sharma, R L | ||
| 250 | |||
| 260 | |a Pointer Publishers: Jaipur |c 1989 | ||
| 300 | |a 234 p | ||
| 490 | |||
| 500 | |||
| 590 | |||
| 650 | |a Industrial management | ||
| 942 | |c BK | ||
| 999 | |c 133800 |d 133800 | ||
| 952 | |0 0 |1 0 |4 0 |6 338_000000000000000_6M_SHA |7 0 |9 147260 |a IMK |b IMK |g 220.00 |l 0 |o 338.6M SHA |p IMK00897 |r 2019-10-25 |w 2019-10-25 |y BK | ||